[Event "World op 47th"]
[Site "Philadelphia"]
[Date "2019.07.04"]
[Round "3"]
[White "Peredun, Andrew"]
[Black "Melaugh, Shanemelaugh"]
[Result "1-0"]
[WhiteElo "2344"]
[BlackElo "2126"]
[PlyCount "81"]
[EventDate "2019.07.03"]
[EventType "swiss"]
[EventRounds "9"]
[EventCountry "USA"]
[SourceTitle "CBM 191 Extra"]
[Source "ChessBase"]
[SourceDate "2019.09.30"]
[SourceVersion "1"]
[SourceVersionDate "2019.09.30"]
[SourceQuality "1"]

1. d4 e6 2. e4 c5 3. d5 exd5 4. exd5 d6 5. Nc3 g6 6. Bf4 Bg7 7. Bb5+ Kf8 8. Nf3 a6 9. Bd3 Nf6 10. 0-0 b5 11. Re1 Bb7 12. h3 h6 13. Nd2 Ra7 14. Nde4 Ne8 15. Qf3 b4 16. Na4 Bxd5 17. Qg3 c4 18. Nxd6 Nf6 19. Bxc4 Bxc4 20. Nxc4 Nc6 21. Rad1 Rd7 22. Bd6+ Kg8 23. Nc5 Nh5 24. Qf3 Nd4 25. Rxd4 Bxd4 26. Nxd7 Qxd7 27. Re7 Qf5 28. Qxf5 gxf5 29. Re8+ Kh7 30. Rxh8+ Bxh8 31. Bxb4 Nf4 32. Kf1 Kg6 33. Bd2 Ne6 34. c3 f4 35. Ke2 Kf5 36. Nd6+ Kf6 37. Kf3 Nc5 38. Ne4+ Nxe4 39. Kxe4 Ke6 40. Bxf4 f5+ 41. Kd3 1-0

[Event "Philadelphia int op 13th"]
[Site "Philadelphia"]
[Date "2019.07.01"]
[Round "8"]
[White "Singh, Arvinder Preet"]
[Black "Peredun, Andrew"]
[Result "0-1"]
[WhiteElo "2038"]
[BlackElo "2344"]
[PlyCount "66"]
[EventDate "2019.06.27"]
[EventType "swiss"]
[EventRounds "9"]
[EventCountry "USA"]
[SourceTitle "EXT 2020"]
[Source "ChessBase"]
[SourceDate "2019.10.17"]
[SourceVersion "1"]
[SourceVersionDate "2019.10.17"]
[SourceQuality "1"]

1. e4 e5 2. Nf3 Nc6 3. Bb5 a6 4. Ba4 Nf6 5. 0-0 Be7 6. Re1 b5 7. Bb3 0-0 8. c3 d5 9. exd5 Nxd5 10. Nxe5 Nxe5 11. Rxe5 c6 12. d4 Bd6 13. Re1 Qh4 14. g3 Qh3 15. Re4 g5 16. Qf1 Qh5 17. Nd2 Bf5 18. Bd1 Qg6 19. Re1 Rae8 20. Nf3 Bd3 21. Be2 Rxe2 22. Rxe2 Qh5 23. Kg2 f5 24. Qe1 f4 25. Re5 Bxe5 26. Nxe5 f3+ 27. Kh1 Qh3 28. Qg1 Bf1 29. Nxf3 Rxf3 30. Bxg5 Bd3 31. Re1 Ne3 32. Bxe3 Be4 33. Bh6 Re3+ 0-1

[Event "Philadelphia int op 13th"]
[Site "Philadelphia"]
[Date "2019.06.28"]
[Round "2"]
[White "Gareyev, Timur"]
[Black "Peredun, Andrew"]
[Result "1-0"]
[WhiteElo "2584"]
[BlackElo "2344"]
[PlyCount "59"]
[EventDate "2019.06.27"]
[EventType "swiss"]
[EventRounds "9"]
[EventCountry "USA"]
[SourceTitle "EXT 2020"]
[Source "ChessBase"]
[SourceDate "2019.10.17"]
[SourceVersion "1"]
[SourceVersionDate "2019.10.17"]
[SourceQuality "1"]

1. Nf3 Nf6 2. c4 e6 3. g3 d5 4. Bg2 dxc4 5. Qa4+ Bd7 6. Qxc4 c5 7. Ne5 Nc6 8. Nxc6 Bxc6 9. Bxc6+ bxc6 10. Nc3 Be7 11. d3 Rb8 12. 0-0 0-0 13. Na4 Qa5 14. b3 Nd5 15. Bb2 Nb6 16. Qg4 g6 17. Bc3 Qa6 18. Qe4 Nxa4 19. bxa4 Qc8 20. Rab1 Qc7 21. h4 Rfe8 22. Rfc1 Bd6 23. Rxb8 Rxb8 24. Kg2 e5 25. Qc4 Qd7 26. h5 Qf5 27. hxg6 hxg6 28. Rh1 Bf8 29. e4 Qg4 30. Bxe5 1-0

[Event "CAN-ch"]
[Site "Guelph"]
[Date "2015.07.16"]
[Round "9"]
[White "Zhu, Hong Rui"]
[Black "Peredun, Andrew"]
[Result "1/2-1/2"]
[WhiteElo "2193"]
[BlackElo "2243"]
[PlyCount "97"]
[EventDate "2015.07.10"]
[EventType "swiss"]
[EventRounds "9"]
[EventCountry "CAN"]
[SourceTitle "CBM 167 Extra"]
[Source "ChessBase"]
[SourceDate "2015.09.14"]
[SourceVersion "1"]
[SourceVersionDate "2015.09.14"]
[SourceQuality "1"]

1. e4 e5 2. Nf3 Nc6 3. Nc3 Nf6 4. Bb5 Nd4 5. Ba4 Bc5 6. 0-0 0-0 7. d3 d6 8. h3 c6 9. Bb3 Nxb3 10. axb3 Bb6 11. Be3 Bc7 12. d4 Qe7 13. dxe5 dxe5 14. Qe2 a6 15. Rfd1 h6 16. Nd2 b5 17. Qf3 Kh7 18. Nf1 Nd7 19. Qh5 Nf6 20. Qf3 Bb7 21. Ng3 g6 22. Rd2 Rad8 23. Rad1 Rxd2 24. Rxd2 Bc8 25. Nce2 Kg7 26. Nc1 Nh7 27. Nd3 Ng5 28. Qd1 Ne6 29. Qg4 Kh7 30. b4 Nf4 31. Bc5 Qf6 32. Qd1 Rd8 33. c3 Nxd3 34. Rxd3 Kg7 35. Nf1 Rxd3 36. Qxd3 Qd8 37. Qxd8 Bxd8 38. f3 a5 39. bxa5 Bxa5 40. Ne3 f5 41. Nc2 Bc7 42. Nb4 Bd7 43. Na6 Bd8 44. Bd6 Kf6 45. Nc5 Bb6 46. Kf1 Be6 47. Nxe6 Kxe6 48. Bf8 h5 49. b3 1/2-1/2

[Event "CAN-ch"]
[Site "Guelph"]
[Date "2015.07.13"]
[Round "6"]
[White "Sambuev, Bator"]
[Black "Peredun, Andrew"]
[Result "1-0"]
[WhiteElo "2532"]
[BlackElo "2243"]
[PlyCount "103"]
[EventDate "2015.07.10"]
[EventType "swiss"]
[EventRounds "9"]
[EventCountry "CAN"]
[SourceTitle "CBM 167 Extra"]
[Source "ChessBase"]
[SourceDate "2015.09.14"]
[SourceVersion "1"]
[SourceVersionDate "2015.09.14"]
[SourceQuality "1"]

1. d4 d5 2. Nf3 Nf6 3. e3 e6 4. Bd3 c5 5. b3 Nc6 6. 0-0 Bd6 7. Bb2 0-0 8. a3 b6 9. Nbd2 Bb7 10. Qe2 Rc8 11. Ne5 Ne7 12. dxc5 Bxe5 13. Bxe5 Nd7 14. Bb2 Nxc5 15. Qg4 Ng6 16. Bxg6 hxg6 17. Rac1 Qe7 18. f4 Ba6 19. Rf2 Rfd8 20. h4 Nd7 21. h5 Nf8 22. hxg6 f5 23. Qh5 Qe8 24. g4 fxg4 25. Qxg4 d4 26. Bxd4 Qxg6 27. Qxg6 Nxg6 28. Nf3 Bb7 29. Rg2 Rxd4 30. Nxd4 Bxg2 31. Kxg2 e5 32. fxe5 Nxe5 33. c4 Re8 34. Rc3 Rf8 35. Kg3 Rf1 36. c5 bxc5 37. Rxc5 Nd3 38. Rc8+ Kh7 39. Rc7 a6 40. Ne6 Kh6 41. Ra7 Ne5 42. Nd4 Rf6 43. Re7 Nd3 44. e4 g6 45. Ne6 a5 46. Re8 g5 47. Nd4 Nc5 48. Re5 Nb7 49. Rd5 Kg6 50. e5 Rb6 51. Kg4 Ra6 52. Nf5 1-0

[Event "Durban op"]
[Site "Durban"]
[Date "2014.09.26"]
[Round "8"]
[White "Peredun, Andrew"]
[Black "Altaher, Tarek Ali M"]
[Result "1-0"]
[WhiteElo "2257"]
[BlackElo "1857"]
[PlyCount "89"]
[EventDate "2014.09.20"]
[EventType "swiss"]
[EventRounds "11"]
[EventCountry "RSA"]
[SourceTitle "CBM 162 Extra"]
[Source "ChessBase"]
[SourceDate "2014.10.17"]
[SourceVersion "1"]
[SourceVersionDate "2014.10.17"]
[SourceQuality "1"]

1. c4 e5 2. g3 Nf6 3. Bg2 g6 4. Nc3 Bg7 5. Nf3 d6 6. 0-0 0-0 7. d4 Nc6 8. d5 Ne7 9. e4 Nd7 10. Rb1 a5 11. a3 f5 12. b4 axb4 13. axb4 fxe4 14. Nxe4 Nf6 15. Nxf6+ Rxf6 16. Bg5 Rf7 17. Nd2 h6 18. Bxe7 Qxe7 19. Ne4 Bf5 20. Ra1 Rff8 21. Qb3 Qf7 22. Ra2 Rxa2 23. Qxa2 Bg4 24. Re1 Kh8 25. Re3 h5 26. h4 Bh6 27. Ra3 Qf5 28. Kh2 g5 29. hxg5 Bxg5 30. f3 h4 31. fxg4 hxg3+ 32. Rxg3 Qg6 33. Rh3+ Kg7 34. Nxg5 Qxg5 35. Qc2 Qf4+ 36. Kh1 Rh8 37. Rxh8 Kxh8 38. Qe4 Qh6+ 39. Kg1 Qc1+ 40. Kh2 Qh6+ 41. Kg3 Qd2 42. b5 Kg7 43. Bf1 Qd1 44. Bd3 Qg1+ 45. Kh3 1-0

[Event "Durban op"]
[Site "Durban"]
[Date "2014.09.25"]
[Round "7"]
[White "Odendaal, Frederick"]
[Black "Peredun, Andrew"]
[Result "0-1"]
[WhiteElo "2018"]
[BlackElo "2257"]
[PlyCount "54"]
[EventDate "2014.09.20"]
[EventType "swiss"]
[EventRounds "11"]
[EventCountry "RSA"]
[SourceTitle "CBM 162 Extra"]
[Source "ChessBase"]
[SourceDate "2014.10.17"]
[SourceVersion "1"]
[SourceVersionDate "2014.10.17"]
[SourceQuality "1"]

1. e4 c5 2. Nc3 a6 3. Nf3 d6 4. d4 cxd4 5. Nxd4 Nf6 6. Bd3 e6 7. 0-0 b5 8. a3 Bb7 9. Bg5 Be7 10. Qe2 Nbd7 11. Kh1 Qb6 12. Be3 Qc7 13. f4 0-0 14. Bg1 Nc5 15. Rad1 d5 16. e5 Nfe4 17. Nb1 g6 18. c3 f6 19. exf6 Rxf6 20. g3 g5 21. fxg5 Rxf1 22. Rxf1 Nxd3 23. Qxd3 e5 24. Nf5 d4 25. Nh6+ Kh8 26. Rf3 Nxg5 27. Bxd4 Nxf3 0-1

[Event "Durban op"]
[Site "Durban"]
[Date "2014.09.21"]
[Round "3"]
[White "Peredun, Andrew"]
[Black "Grover, Sahaj"]
[Result "0-1"]
[WhiteElo "2257"]
[BlackElo "2492"]
[PlyCount "68"]
[EventDate "2014.09.20"]
[EventType "swiss"]
[EventRounds "11"]
[EventCountry "RSA"]
[SourceTitle "CBM 162 Extra"]
[Source "ChessBase"]
[SourceDate "2014.10.17"]
[SourceVersion "1"]
[SourceVersionDate "2014.10.17"]
[SourceQuality "1"]

1. e4 e5 2. Nf3 Nc6 3. Bb5 f5 4. d3 fxe4 5. dxe4 Nf6 6. Nc3 Bb4 7. 0-0 Bxc3 8. bxc3 d6 9. Qd3 Bd7 10. Bc4 Qe7 11. Be3 Nd8 12. Nh4 Be6 13. Nf5 Qd7 14. Bb5 Nc6 15. f3 0-0 16. Ba4 Qf7 17. Bb3 Na5 18. Rfe1 Kh8 19. Rad1 Nc4 20. Bc1 Nd7 21. Ne3 Ncb6 22. Ba3 Rfe8 23. Bxe6 Rxe6 24. c4 Rg6 25. Nd5 Nf6 26. Bc1 Na4 27. Rf1 Nc5 28. Qa3 Nh5 29. Be3 Ne6 30. Rd2 Nhf4 31. c5 dxc5 32. Nxf4 exf4 33. Bxc5 Rg5 34. Rfd1 Rxc5 0-1

[Event "Toronto-chT 0405"]
[Site "Toronto"]
[Date "2005.05.04"]
[Round "3"]
[White "Peredun, Andrew"]
[Black "Milicevic, Goran"]
[Result "1-0"]
[WhiteElo "2328"]
[BlackElo "2370"]
[PlyCount "59"]
[EventDate "2004.10.27"]
[EventType "team"]
[EventRounds "4"]
[EventCountry "CAN"]
[SourceTitle "EXT 2006"]
[Source "ChessBase"]
[SourceDate "2005.11.24"]
[SourceVersion "1"]
[SourceVersionDate "2005.11.24"]
[SourceQuality "1"]

1. e4 e6 2. d4 d5 3. Nd2 Nf6 4. e5 Ne4 5. Bd3 Nxd2 6. Bxd2 c5 7. dxc5 Bxc5 8. Qg4 g6 9. Nf3 Nc6 10. 0-0 Qc7 11. Rfe1 Bd7 12. Bg5 Qb6 13. Qh4 Qb4 14. c4 dxc4 15. a3 Qb6 16. Bxc4 Be7 17. Bxe7 Nxe7 18. Qf6 Rf8 19. Ng5 Ng8 20. Qg7 h6 21. Nxf7 Rxf7 22. Qxg8+ Ke7 23. Qxg6 Rxf2 24. Kh1 Raf8 25. Rad1 Qc6 26. Bf1 Qc2 27. Qxh6 Qf5 28. Qh4+ Ke8 29. Bd3 Qf7 30. Bb5 1-0

[Event "Guelph op 3rd"]
[Site "Guelph"]
[Date "2004.07.31"]
[Round "5"]
[White "Peredun, Andrew"]
[Black "Filipovich, David"]
[Result "1/2-1/2"]
[WhiteElo "2303"]
[BlackElo "2210"]
[PlyCount "76"]
[EventDate "2004.07.28"]
[EventType "swiss"]
[EventRounds "9"]
[EventCountry "CAN"]
[SourceTitle "CBM 101 Extra"]
[Source "ChessBase"]
[SourceDate "2004.09.01"]
[SourceVersion "2"]
[SourceVersionDate "2004.09.01"]
[SourceQuality "1"]

1. c4 c6 2. e4 d5 3. exd5 cxd5 4. cxd5 Nf6 5. Bb5+ Nbd7 6. Nc3 a6 7. Be2 Nb6 8. Nf3 Nbxd5 9. d4 e6 10. 0-0 Be7 11. Ne5 0-0 12. Bf3 Qc7 13. Qb3 Rd8 14. Bg5 Nxc3 15. bxc3 Nd5 16. Bxe7 Nxe7 17. Rab1 Nf5 18. Qb6 Qxb6 19. Rxb6 Nd6 20. Rd1 f6 21. Nd3 Kf7 22. Nc5 Ra7 23. Re1 Nc4 24. Nxb7 Rd7 25. Rc6 Bxb7 26. Rxc4 Bxf3 27. gxf3 Rdc7 28. Rxc7+ Rxc7 29. Rc1 Rc4 30. Kf1 e5 31. dxe5 fxe5 32. Ke2 Rh4 33. Rb1 Rxh2 34. Rb6 h5 35. Rxa6 Rh1 36. a4 g5 37. Rc6 h4 38. Rh6 Ra1 1/2-1/2

[Event "Guelph op 3rd"]
[Site "Guelph"]
[Date "2004.07.29"]
[Round "2"]
[White "Peredun, Andrew"]
[Black "Ochkoos, Jura"]
[Result "1/2-1/2"]
[WhiteElo "2303"]
[BlackElo "2299"]
[PlyCount "134"]
[EventDate "2004.07.28"]
[EventType "swiss"]
[EventRounds "9"]
[EventCountry "CAN"]
[SourceTitle "CBM 101 Extra"]
[Source "ChessBase"]
[SourceDate "2004.09.01"]
[SourceVersion "2"]
[SourceVersionDate "2004.09.01"]
[SourceQuality "1"]

1. e4 e5 2. Nf3 Nc6 3. Bb5 Nf6 4. 0-0 Nxe4 5. d4 Nd6 6. Bxc6 dxc6 7. dxe5 Nf5 8. Qxd8+ Kxd8 9. Nc3 h6 10. b3 Be6 11. Bb2 Ke8 12. Rad1 Rd8 13. Rxd8+ Kxd8 14. h3 Ne7 15. Ne4 Ng6 16. c4 c5 17. Kh2 b6 18. g3 Ne7 19. Rd1+ Kc8 20. Nh4 g5 21. Ng2 Bg7 22. f4 gxf4 23. Nxf4 Rd8 24. Rxd8+ Kxd8 25. g4 Ng6 26. Nxg6 fxg6 27. Kg3 a6 28. Kf4 Bf8 29. h4 Kd7 30. h5 g5+ 31. Kf3 b5 32. Nd2 Bg8 33. Bc3 Ke6 34. cxb5 axb5 35. a4 c6 36. a5 Kd7 37. a6 Kc8 38. Ba5 Bd5+ 39. Ke3 Be6 40. Ne4 Bxg4 41. Bb6 Kb8 42. Bxc5 Bg7 43. Nf6 Bxf6 44. exf6 Bxh5 45. b4 Bf7 46. Ke4 g4 47. Bf2 h5 48. Kf4 Ka8 49. Kg3 Be8 50. Kh4 Bf7 51. Kg3 Be8 52. Kf4 Bf7 53. Ke5 h4 54. Bxh4 Ka7 55. Kd6 Bd5 56. Bf2+ Kxa6 57. Kc7 Bg8 58. Kxc6 Bc4 59. Kc7 Bb3 60. Bg3 Bc4 61. Bf2 Bb3 62. Bh4 Bc4 63. Be1 Bb3 64. Kd6 Kb7 65. Ke7 Kc6 66. f7 Bxf7 67. Kxf7 Kd5 1/2-1/2

[Event "Toronto CMA Futurity 4th"]
[Site "Toronto"]
[Date "2003.08.01"]
[Round "10"]
[White "Peredun, Andrew"]
[Black "Bellon Lopez, Juan Manuel"]
[Result "0-1"]
[WhiteElo "2306"]
[BlackElo "2423"]
[PlyCount "74"]
[EventDate "2003.07.25"]
[EventType "schev"]
[EventRounds "10"]
[EventCountry "CAN"]
[SourceTitle "CBM 095 Extra"]
[Source "ChessBase"]
[SourceDate "2003.09.04"]
[SourceVersion "1"]
[SourceVersionDate "2003.09.04"]
[SourceQuality "1"]

1. e4 c5 2. Nf3 e6 3. d4 cxd4 4. Nxd4 a6 5. Bd3 Nc6 6. Nxc6 dxc6 7. 0-0 e5 8. Nd2 Qc7 9. a4 Nf6 10. Nc4 Be6 11. Qe2 Bc5 12. c3 0-0 13. b4 Ba7 14. Be3 Bxe3 15. Qxe3 Rad8 16. a5 c5 17. Rfc1 cxb4 18. cxb4 Rd4 19. Nb2 Qd6 20. b5 axb5 21. f3 Rb4 22. Nd1 Bc4 23. Bf1 Rd8 24. Nf2 Bxf1 25. Rxf1 Rd4 26. Rfd1 h6 27. Rab1 b4 28. Rxd4 Qxd4 29. Qb3 Qc5 30. Qb2 Rd4 31. g3 Qxa5 32. Kg2 Qd8 33. Rc1 Qd6 34. Rb1 Nd7 35. Qe2 Nc5 36. h4 Rd2 37. Qe3 Nd3 0-1

[Event "Toronto CMA Futurity 4th"]
[Site "Toronto"]
[Date "2003.07.30"]
[Round "8"]
[White "Peredun, Andrew"]
[Black "Moiseenko, Alexander"]
[Result "0-1"]
[WhiteElo "2306"]
[BlackElo "2618"]
[PlyCount "110"]
[EventDate "2003.07.25"]
[EventType "schev"]
[EventRounds "10"]
[EventCountry "CAN"]
[SourceTitle "CBM 095 Extra"]
[Source "ChessBase"]
[SourceDate "2003.09.04"]
[SourceVersion "1"]
[SourceVersionDate "2003.09.04"]
[SourceQuality "1"]

1. e4 c5 2. Nf3 Nc6 3. Bb5 e6 4. 0-0 Nge7 5. Nc3 Nd4 6. Nxd4 cxd4 7. Ne2 a6 8. Ba4 b5 9. Bb3 Nc6 10. d3 g6 11. f4 Bg7 12. Ng3 0-0 13. Qg4 Na5 14. f5 Nxb3 15. axb3 d5 16. Bd2 dxe4 17. dxe4 d3 18. c3 exf5 19. exf5 Bb7 20. Rf2 Qd5 21. Raf1 Rfe8 22. h4 Qxb3 23. h5 Qc4 24. Rf4 Qc6 25. R1f2 Bc8 26. hxg6 fxg6 27. Qd1 Bxf5 28. Nxf5 gxf5 29. Rxf5 Rf8 30. Be3 Rxf5 31. Rxf5 Qe4 32. Qf3 Re8 33. Qxe4 Rxe4 34. Kf2 Ra4 35. Rd5 Ra2 36. Rxd3 Rxb2+ 37. Kf3 Bf8 38. Rd8 Kf7 39. Rd7+ Kg6 40. Ra7 Ra2 41. Bd4 h5 42. g3 Ra3 43. Ke4 Ra1 44. Kd5 Ra3 45. Ke4 b4 46. cxb4 Bxb4 47. Rg7+ Kh6 48. Rb7 Bd2 49. Be5 Bc3 50. Rb6+ Kg5 51. Bxc3 Rxc3 52. Rxa6 Rxg3 53. Ra8 Kg4 54. Ra1 h4 55. Rh1 h3 0-1

[Event "Toronto CMA Futurity 4th"]
[Site "Toronto"]
[Date "2003.07.27"]
[Round "5"]
[White "Bellon Lopez, Juan Manuel"]
[Black "Peredun, Andrew"]
[Result "1-0"]
[WhiteElo "2423"]
[BlackElo "2306"]
[PlyCount "145"]
[EventDate "2003.07.25"]
[EventType "schev"]
[EventRounds "10"]
[EventCountry "CAN"]
[SourceTitle "CBM 095 Extra"]
[Source "ChessBase"]
[SourceDate "2003.09.04"]
[SourceVersion "1"]
[SourceVersionDate "2003.09.04"]
[SourceQuality "1"]

1. d4 Nf6 2. Bg5 Ne4 3. Bh4 c5 4. f3 g5 5. fxe4 gxh4 6. e3 Bh6 7. Nd2 e6 8. Nc4 d5 9. Qh5 Bg7 10. exd5 exd5 11. Ne5 Qe7 12. Ngf3 a6 13. 0-0-0 Nc6 14. Nxh4 Nxe5 15. dxe5 Be6 16. Be2 0-0-0 17. Bf3 Kb8 18. Rd2 Qc7 19. Rhd1 Qxe5 20. Qxe5+ Bxe5 21. Bxd5 Bxh2 22. Nf3 Bc7 23. Bxe6 fxe6 24. Ng5 Rde8 25. Rd7 Rhg8 26. Ne4 Rxg2 27. Rxh7 Rf8 28. Re7 Rh8 29. Rxe6 Rhh2 30. Nd2 b6 31. c3 Kb7 32. Kc2 c4 33. b3 b5 34. bxc4 bxc4 35. Re4 Bb6 36. Kc1 Re2 37. Nxc4 Rc2+ 38. Kb1 Rxc3 39. Re7+ Bc7 40. Nd6+ Kc6 41. Nf5 Rc4 42. Nd4+ Kb6 43. Rd3 Rb4+ 44. Nb3 Rc4 45. Nd2 Rc5 46. Rb3+ Rb5 47. Kc2 Rxb3 48. axb3 Bd6 49. Re6 Kc7 50. Kd3 Bb4 51. Nc4 a5 52. Nb6 Rd2+ 53. Kc4 Rc2+ 54. Kb5 Rb2 55. Rc6+ Kd8 56. Kc4 Ke8 57. e4 Kf7 58. Nd5 Be1 59. Rf6+ Ke8 60. Rf1 Bg3 61. Rf3 Bd6 62. Kb5 Ra2 63. e5 Be7 64. e6 Rd2 65. Nxe7 Kxe7 66. Kxa5 Kxe6 67. b4 Kd7 68. Rc3 Ra2+ 69. Kb6 Ra1 70. b5 Ra2 71. Kb7 Ra1 72. Rd3+ Ke7 73. b6 1-0

[Event "Toronto CMA Futurity 4th"]
[Site "Toronto"]
[Date "2003.07.26"]
[Round "2"]
[White "Peredun, Andrew"]
[Black "Arencibia Rodriguez, Walter"]
[Result "1-0"]
[WhiteElo "2306"]
[BlackElo "2522"]
[PlyCount "57"]
[EventDate "2003.07.25"]
[EventType "schev"]
[EventRounds "10"]
[EventCountry "CAN"]
[SourceTitle "CBM 095 Extra"]
[Source "ChessBase"]
[SourceDate "2003.09.04"]
[SourceVersion "1"]
[SourceVersionDate "2003.09.04"]
[SourceQuality "1"]

1. e4 d5 2. exd5 Qxd5 3. Nc3 Qd6 4. d4 Nf6 5. Bc4 a6 6. Nge2 Qc6 7. Bb3 Qxg2 8. Rg1 Qc6 9. d5 Qd6 10. Bg5 Bf5 11. Qd2 e5 12. Ng3 Bg4 13. Nge4 Nxe4 14. Nxe4 Qd7 15. f4 h6 16. fxe5 hxg5 17. e6 Bxe6 18. 0-0-0 Bf5 19. Nxg5 Bd6 20. Rde1+ Kd8 21. Rg2 Kc8 22. Nf3 Bg6 23. Rge2 Qd8 24. Nd4 Nd7 25. Ba4 Kb8 26. Qc3 Qg5+ 27. Kb1 Nc5 28. Bc6 bxc6 29. Re8+ 1-0

[Event "Toronto CMA Futurity 4th"]
[Site "Toronto"]
[Date "2003.07.25"]
[Round "1"]
[White "Cramling, Pia"]
[Black "Peredun, Andrew"]
[Result "1-0"]
[WhiteElo "2488"]
[BlackElo "2306"]
[PlyCount "59"]
[EventDate "2003.07.25"]
[EventType "schev"]
[EventRounds "10"]
[EventCountry "CAN"]
[SourceTitle "CBM 095 Extra"]
[Source "ChessBase"]
[SourceDate "2003.09.04"]
[SourceVersion "1"]
[SourceVersionDate "2003.09.04"]
[SourceQuality "1"]

1. d4 g6 2. g3 Bg7 3. Bg2 Nf6 4. Nf3 0-0 5. 0-0 d6 6. a4 a5 7. c3 c6 8. Nbd2 Nbd7 9. b3 Qc7 10. e4 b5 11. Re1 bxa4 12. Rxa4 Nb6 13. Ra3 Nfd7 14. Bb2 e5 15. Qc2 f5 16. Ng5 Nf6 17. dxe5 dxe5 18. b4 a4 19. Raa1 f4 20. c4 Ng4 21. c5 fxg3 22. fxg3 Bh6 23. Ndf3 Rxf3 24. Nxf3 Ne3 25. Qc3 Nbc4 26. Bc1 Bg4 27. Bxe3 Nxe3 28. Rxe3 Bxe3+ 29. Qxe3 Be6 30. Qc3 1-0

[Event "Guelph op"]
[Site "Guelph"]
[Date "2002.08.10"]
[Round "7"]
[White "Findlay, Ian T"]
[Black "Peredun, Andrew"]
[Result "1/2-1/2"]
[WhiteElo "2328"]
[BlackElo "2283"]
[PlyCount "57"]
[EventDate "2002.08.07"]
[EventType "swiss"]
[EventRounds "9"]
[EventCountry "CAN"]
[SourceTitle "CBM 089 Extra"]
[Source "ChessBase"]
[SourceDate "2002.09.10"]
[SourceVersion "2"]
[SourceVersionDate "2002.09.10"]
[SourceQuality "1"]

1. e4 c5 2. Nf3 d6 3. d4 cxd4 4. Nxd4 Nf6 5. Nc3 a6 6. Be2 e5 7. Nb3 Be7 8. 0-0 Be6 9. a4 Nbd7 10. Re1 Rc8 11. Bf1 0-0 12. Nd5 Bxd5 13. exd5 Nb6 14. f4 exf4 15. Bxf4 Nbxd5 16. Bg3 Re8 17. c4 Nb6 18. Qd4 d5 19. c5 Nbd7 20. Rac1 Nf8 21. Bd3 Ne6 22. Qb4 Nd7 23. Bf2 Qc7 24. Bg3 Qc6 25. Bd6 Bxd6 26. cxd6 Qb6+ 27. Qxb6 Nxb6 28. Na5 Rb8 29. b3 1/2-1/2

[Event "Guelph op"]
[Site "Guelph"]
[Date "2002.08.08"]
[Round "3"]
[White "Peredun, Andrew"]
[Black "Saint Amand, Paul"]
[Result "1-0"]
[WhiteElo "2283"]
[BlackElo "2170"]
[PlyCount "141"]
[EventDate "2002.08.07"]
[EventType "swiss"]
[EventRounds "9"]
[EventCountry "CAN"]
[SourceTitle "CBM 089 Extra"]
[Source "ChessBase"]
[SourceDate "2002.09.10"]
[SourceVersion "2"]
[SourceVersionDate "2002.09.10"]
[SourceQuality "1"]

1. e4 c5 2. Nf3 d6 3. d4 cxd4 4. Nxd4 Nf6 5. Nc3 a6 6. Bg5 e6 7. Qf3 Nbd7 8. 0-0-0 Qc7 9. Be2 Be7 10. Rhe1 0-0 11. Qg3 b5 12. a3 Bb7 13. f4 Rac8 14. Bd3 Nc5 15. e5 dxe5 16. fxe5 Nxd3+ 17. Rxd3 Ne8 18. Qh4 Bxg5+ 19. Qxg5 h6 20. Qf4 Qe7 21. Rg3 Kh7 22. Ree3 f5 23. exf6 Rxf6 24. Rxe6 Rxf4 25. Rxe7 Rf1+ 26. Kd2 Ba8 27. Nd1 Rf6 28. c3 Bd5 29. Ne3 Bg8 30. Rf3 Rxf3 31. Nxf3 Nd6 32. Nd4 Rf8 33. Ke1 Rf6 34. g4 Nc4 35. Nxc4 Bxc4 36. Nf5 Re6+ 37. Rxe6 Bxe6 38. Ne3 Kg6 39. Kf2 Kf6 40. Kf3 Ke5 41. h4 g6 42. Nc2 Bd5+ 43. Ke3 Be6 44. g5 hxg5 45. hxg5 Bc8 46. Nd4 Bd7 47. b3 Kd5 48. Kf4 a5 49. Ke3 Be8 50. Kd3 Bd7 51. Nxb5 Ke5 52. Nd4 Kf4 53. b4 axb4 54. axb4 Kxg5 55. Ke4 Kf6 56. c4 Ke7 57. c5 Kd8 58. Kd5 Kc7 59. b5 g5 60. c6 Bc8 61. Kc5 g4 62. b6+ Kb8 63. Ne2 Ba6 64. Ng3 Kc8 65. Kd6 Bd3 66. b7+ Kb8 67. c7+ Kxb7 68. Kd7 Bb5+ 69. Kd8 Bd7 70. Kxd7 Ka7 71. c8Q 1-0

[Event "ICS Anniversary op"]
[Site "Fics Internet INT"]
[Date "2002.01.15"]
[Round "6"]
[White "Lubashov, Alexei"]
[Black "Peredun, Andrew"]
[Result "1-0"]
[WhiteElo "2293"]
[BlackElo "2285"]
[PlyCount "108"]
[EventDate "2002.01.15"]
[EventType "swiss (blitz)"]
[EventRounds "9"]
[EventCountry "NET"]
[SourceTitle "EXT 2004"]
[Source "ChessBase"]
[SourceDate "2003.11.25"]
[SourceVersion "1"]
[SourceVersionDate "2003.11.25"]
[SourceQuality "1"]

1. g3 g6 2. Bg2 Bg7 3. d4 d6 4. e4 e5 5. Ne2 Ne7 6. Nbc3 exd4 7. Nxd4 Nbc6 8. Be3 0-0 9. 0-0 Nxd4 10. Bxd4 Bxd4 11. Qxd4 Nc6 12. Qd2 Be6 13. f4 f5 14. exf5 Bxf5 15. Nd5 Be6 16. c4 Qd7 17. Rae1 Rae8 18. Qc3 Qf7 19. Re3 Nd8 20. b3 c6 21. Nb4 Bf5 22. Rfe1 Rxe3 23. Qxe3 a5 24. Nd3 Bxd3 25. Qxd3 Qf6 26. Qd2 b6 27. Qe3 c5 28. Bd5+ Kg7 29. Qe7+ Kh6 30. Qxf6 Rxf6 31. Re7 g5 32. Rd7 gxf4 33. Rxd8 fxg3 34. hxg3 Kg5 35. Rb8 Kg4 36. Kg2 h5 37. Rg8+ Kf5 38. Rh8 Ke5 39. Rxh5+ Kd4 40. g4 Kc3 41. g5 Rg6 42. Bf7 Rg7 43. g6 Kb2 44. Rh7 Rxg6+ 45. Bxg6 Kxa2 46. Rb7 Kxb3 47. Rxb6+ Kxc4 48. Rxd6 a4 49. Bf7+ Kb4 50. Rb6+ Kc3 51. Rb5 c4 52. Rc5 Kb2 53. Bxc4 a3 54. Ra5 Kc3 1-0

[Event "ICS Anniversary op"]
[Site "Fics Internet INT"]
[Date "2002.01.15"]
[Round "2"]
[White "Roeder, Mathias"]
[Black "Peredun, Andrew"]
[Result "0-1"]
[WhiteElo "2478"]
[BlackElo "2285"]
[PlyCount "112"]
[EventDate "2002.01.15"]
[EventType "swiss (blitz)"]
[EventRounds "9"]
[EventCountry "NET"]
[SourceTitle "EXT 2004"]
[Source "ChessBase"]
[SourceDate "2003.11.25"]
[SourceVersion "1"]
[SourceVersionDate "2003.11.25"]
[SourceQuality "1"]

1. d4 Nf6 2. c4 g6 3. Nc3 Bg7 4. e4 0-0 5. Bd3 d6 6. Nge2 e5 7. d5 Nbd7 8. h3 Nc5 9. Bc2 a5 10. Ng3 c6 11. Be3 cxd5 12. cxd5 b6 13. 0-0 Ba6 14. Re1 Rc8 15. a4 Nfd7 16. Qd2 Qe7 17. Rac1 h5 18. Bg5 f6 19. Be3 Kh7 20. f3 Rfe8 21. Nh1 Qf8 22. Nf2 Bh6 23. f4 exf4 24. Bxf4 Ne5 25. b3 Rc7 26. Bxh6 Qxh6 27. Qxh6+ Kxh6 28. Nb1 Rec8 29. Na3 Ncd3 30. Nxd3 Nxd3 31. Rcd1 Nxe1 32. Rxe1 Rxc2 33. Nxc2 Rxc2 34. Re3 Re2 35. Rc3 Rxe4 36. Rc6 Rb4 37. Rxd6 Rxb3 38. Rxf6 Bc4 39. d6 Rd3 40. Rf4 b5 41. axb5 Bxb5 42. Rf8 Rxd6 43. Rh8+ Kg7 44. Rb8 Bc4 45. Ra8 Ra6 46. Rc8 Bf7 47. Rc3 a4 48. Ra3 Kf6 49. Kf2 Ke5 50. Ke3 Kd5 51. Kd3 Kc5 52. Kc3 Kb5 53. Kb2 Kb4 54. Rf3 Bc4 55. Rf4 a3+ 56. Ka1 Rd6 0-1